000 00529nam a2200181Ia 4500
003 GCL
008 140319s9999 xx 000 0 aSpa d
040 _aGCL /
_cGCL
082 0 4 _a892.76
_bN C
100 1 _aNAGUIB MAHFOUZ
245 1 0 _aCUENTOS CIERTOS E INCIERTOS (SPANISH LANGUAGE) /
_cNAGUIB MAHFOUZ
260 _aالقاهرة :
_bTHE AMERICAN UNIVERSITY IN CAIRO PRESS ،
_c1993
300 _a277 P ؛
_c23 cm.
650 0 4 _aLITERATURE
650 0 4 _aARABIC LITERATURE
650 0 4 _aARABIC FICTION
942 _2ddc
_cBK
999 _c18487
_d18487